000 00301nam a22001337a 4500
008 181017b xxu||||| |||| 00| 0 eng d
020 _a9780781742078
041 _aeng
080 _24 ed
_a610
100 _a3
101 _aSHM
245 _aThe Wills Eye Manual
_cMakr.m.s
942 _2udc
_cBK
999 _c50013
_d50013